000
00251nam a2200121Ia 4500
100
_a
Jadhav D.D.
650
_a
Chemistry
942
_c
BK
245
_a
Basic Chemistry
260
_b
Tech-Max Publ
_a
Pune
_c
2008
082
_a
540/JAD
546
_a
ENGLISH
999
_c
28350
_d
28350